An Introduction to operating systems: Including case studies in unix, OS/2, MS-DOS, macintosh, UM,MVS, open systems (Record no. 162499)

MARC details
000 -LEADER
fixed length control field 00480nam a2200157Ia 4500
008 - FIXED-LENGTH DATA ELEMENTS--GENERAL INFORMATION
fixed length control field 231217s9999 xx 000 0 und d
041 ## - LANGUAGE CODE
Language code of text/sound track or separate title English
082 ## - DEWEY DECIMAL CLASSIFICATION NUMBER
Classification number 001.642 DEI
100 ## - MAIN ENTRY--PERSONAL NAME
Personal name Deitel, Harvey M.
245 #3 - TITLE STATEMENT
Title An Introduction to operating systems: Including case studies in unix, OS/2, MS-DOS, macintosh, UM,MVS, open systems
250 ## - EDITION STATEMENT
Edition statement 2nd ed.
260 ## - PUBLICATION, DISTRIBUTION, ETC.
Date of publication, distribution, etc. 1990
Name of publisher, distributor, etc. New York : Addison-Wesley,
300 ## - PHYSICAL DESCRIPTION
Extent xxv+853
650 ## - SUBJECT ADDED ENTRY--TOPICAL TERM
Topical term or geographic name entry element Operating systems
942 ## - ADDED ENTRY ELEMENTS (KOHA)
Koha item type Books
Holdings
Date last seen Total checkouts Full call number Accession number Cost, total (INR) price Price effective from Category Lost status Damaged status Department Withdrawn status Home library Current library Entry date Vendor Cost, normal purchase price Grants Billnumber Billdate Currency symbol Conversion rate Discount Old discount
26/01/2024   001.642 DEI 5203 810.88 26/01/2024 Books     Central Library   Central Library Central Library 04/02/1993 Educational Supplies 24.95 CS 19932 19/03/2010 USD 32.5    
26/01/2024   1.642 5204 810.88 26/01/2024 Books     Central Library   Central Library Central Library 04/02/1993 Educational Supplies 24.95 CS 19932 27/03/2014 USD 32.5    
26/01/2024   001.642 DEI 5205 810.88 26/01/2024 Books     Central Library   Central Library Central Library 04/02/1993 Educational Supplies 24.95 CS 19932 02/06/2017 USD 32.5    
26/01/2024     5206 689.33 26/01/2024 Books     Central Library   Central Library Central Library 04/02/1993 Educational Supplies 24.95 CS 19932 10/03/2010 USD 32.5 3.74 15
26/01/2024     5207 810.88 26/01/2024 Books     Central Library   Central Library Central Library 04/02/1993 Educational Supplies 24.95 CS 19932 25/05/2010 USD 32.5    

© For any Suggestions or Query, please contact the library staff @ librarian@pes.edu or Phone: +9180 2672 1983/ 2108.